Nauč se sám C
Na minha lista:
| Autor principal: | |
|---|---|
| Formato: | Livro |
| Idioma: | tcheco |
| Publicado em: |
Praha :
SoftPress,
2001
|
| Tags: |
Sem tags, seja o primeiro a adicionar uma tag!
|
MARC
| LEADER | 00000nam a22000003a 4500 | ||
|---|---|---|---|
| 001 | stu117507 | ||
| 005 | 20150617225911.6 | ||
| 008 | 060505s2001----xr------------------cze-d | ||
| 020 | |a 80-86497-16-X | ||
| 040 | |a STU |b slo | ||
| 041 | 0 | |a cze | |
| 044 | |a xr | ||
| 080 | |a 004.42 C | ||
| 080 | |a 519.68 | ||
| 080 | |a 681.3.06 | ||
| 100 | 1 | |a Schildt, Herbert |4 aut | |
| 245 | 1 | |a Nauč se sám C | |
| 260 | |a Praha : |b SoftPress, |c 2001 | ||
| 300 | |a 620 s | ||
| 996 | |b 284EK86666 |c E*86666 |l EE01 |s A |a 24 |w stu117507_0001 | ||